Optics Letters

Salvato in:
Dettagli Bibliografici
Natura: Periodico
Pubblicazione: 1992
Tags: Aggiungi Tag
Nessun Tag, puoi essere il primo ad aggiungerne!!

MARC

LEADER 00000nas a22000003a 4500
001 stu68347
005 20141122001308.4
008 011106s1992----------------------------d
040 |a STU  |b slo 
041 0
245 |a Optics Letters 
260 |c 1992 
500 |a 1-24 
500 |a 24 
500 |a 1992 
773 0 |t Optics Letters  |w stu_us_cat*stu60158  |x 0146-9592  |7 nnas 
996 |d Vol. 17, 1992  |v Vol. 17  |y 1992  |l EE0103  |s A  |a 24  |w stu68347_0001